00289nam a22001337a 4500003000400000020001800004082001800022100001100040245001900051260004000070300000700110700001900117700001900136SGT a9789358798876 a617.632bP25H aHimani aPerioendoscope aIndiabRed Shine Publicationsc2025 a74 aSharma, Shikha aBhardwaj, Amit